Fundamentals of operations research : (Record no. 39870)

MARC details
000 -LEADER
fixed length control field 00766nam a22002177a 4500
005 - DATE AND TIME OF LATEST TRANSACTION
control field 20100806150646.0
010 ## - LCCN (DPL NO)
LC control number ENG-98713
020 ## - INTERNATIONAL STANDARD BOOK NUMBER
Terms of availability 60.00
International Standard Book Number 9788180160776
035 ## - SYSTEM CONTROL NUMBER
System control number EN-82245
037 ## - SOURCE OF ACQUISITION
Source of stock number/acquisition DBAD/PUB
082 ## - DEWEY DECIMAL CLASSIFICATION NUMBER
Classification number 001.424
100 ## - MAIN ENTRY--PERSONAL NAME
Personal name Manonmani, A.
245 ## - TITLE STATEMENT
Title Fundamentals of operations research :
Statement of responsibility, etc by A. Manonmani
Remainder of title linear programming /
260 ## - PUBLICATION, DISTRIBUTION, ETC. (IMPRINT)
Place of publication, distribution, etc Cimbatore
Name of publisher, distributor, etc Teachers Pub. House
Date of publication, distribution, etc 2008
270 ## - ADDRESS
Address 531, Avinashi road, Peelamedu
City Cimbatore
Postal code 641004
300 ## - PHYSICAL DESCRIPTION
Extent 134 p.
Dimensions 20 cm. (Pbk)
650 ## - SUBJECT ADDED ENTRY--TOPICAL TERM
Topical term or geographic name as entry element Operations research
700 ## - ADDED ENTRY--PERSONAL NAME
9 (RLIN) 7380
942 ## - ADDED ENTRY ELEMENTS (KOHA)
Source of classification or shelving scheme Dewey Decimal Classification
Item type English Books
Classification part 001.424
Call number suffix MAN
Holdings
Withdrawn status Lost status Not for loan Collection code Home library Current library Date acquired Cost, normal purchase price Full call number Barcode Copy number Cost, replacement price Koha item type
    Not For Loan Non-fiction D.B.Act.Division D.B.Act.Division 06/08/2010 60.00 001.424 MAN EN-82245 1 60.00 English Books

© Delhi Public Library
Hit Counter
free hit counter